000 00437nam a2200169Ia 4500
003 OSt
005 20260311085841.0
008 211028s2013 xx 000 0 und d
040 _cAIMIT LIBRARY
041 _aeng
100 _aCrasts, Daryl Vernon; Shetty, Annapoorna.
_g101709
_93764
110 _aVanitha T.
_93765
245 _aMiles /
260 _aMangalore
_c2013
710 _aKites Software Pvt Ltd.
_93766
942 _2ddc
_cPRO
999 _c217342
_d217342